País más poblado por las primeras dos letras - Estadísticas

Estadísticas generales
  • Esta prueba ha sido intentada 4.360 veces
    2.595 desde el último reinicio
  • La puntuación promedio es 17 de 24
Estadísticas de respuestas
Población País % Correcto
CH 1 434 M China
96%
AR 45,8 M Argentina
95%
BO 12,4 M Bolivia
92%
RU 144 M Rusia
91%
AF 42,3 M Afganistán
90%
NI 224 M Nigeria
86%
TU 85,9 M Turquía
85%
AN 36,8 M Angola
84%
CO 52,1 M Colombia
84%
PA 241 M Pakistán
78%
IR 89,2 M Irán
77%
SE 17,8 M Senegal
74%
CA 38,8 M Canadá
68%
TA 71,8 M Tailandia
66%
BA 173 M Bangladés
62%
GU 18,1 M Guatemala
61%
LI 6,89 M Libia
61%
NE 30,9 M Nepal
54%
MA 38,5 M Marruecos
53%
SI 23,3 M Siria
53%
MO 34,0 M Mozambique
52%
SU 60,5 M Sudáfrica
46%
BU 23,3 M Burkina Faso
44%
BE 13,7 M Benín
41%
No se encontraron pruebas coincidentes
Distribución de puntuación
Porcentaje de gente con cada puntuación
Porcentaje por número respondido
Historial de tus puntuaciones
No has intentado esta prueba desde el último reinicio